00526pab a2200169 454500008004000000100001800040245007200058260000900130300001300139362001000152650001100162700001700173773003400190909001000224999001700234952010500251180718b1997 xxu||||| |||| 00| 0 eng d aGulati, Leela aFemale labour in the unorganised sector: the brick worker revisited c1997 ap.968-71 a3 May aLabour aGulati, Mitu aEconomic and Political Weekly a34188 c34188d34188 00104070aIIPAbIIPAd2018-07-19hVolume no: 32, Issue no: 18pAR34418r2018-07-19w2018-07-19yAR